Aspects psychosociaux et affectifs de la malnutrition aiguë chez les enfants de moins de cinq ans à Parakou et à Tanguiéta (notice n° 1739201)
[ vue normale ]
| 000 -LEADER | |
|---|---|
| fixed length control field | 02947cam a2200337 4500500 |
| 005 - DATE AND TIME OF LATEST TRANSACTION | |
| control field | 20260322004313.0 |
| 041 ## - LANGUAGE CODE | |
| Language code of text/sound track or separate title | fre |
| 042 ## - AUTHENTICATION CODE | |
| Authentication code | dc |
| 100 10 - MAIN ENTRY--PERSONAL NAME | |
| Personal name | Agossou, Joseph |
| Relator term | author |
| 245 00 - TITLE STATEMENT | |
| Title | Aspects psychosociaux et affectifs de la malnutrition aiguë chez les enfants de moins de cinq ans à Parakou et à Tanguiéta |
| 260 ## - PUBLICATION, DISTRIBUTION, ETC. | |
| Date of publication, distribution, etc. | 2013.<br/> |
| 500 ## - GENERAL NOTE | |
| General note | 49 |
| 520 ## - SUMMARY, ETC. | |
| Summary, etc. | La malnutrition demeure toujours une cause importante de mortalité dans les pays en voie de développement. Le rôle des facteurs psychosociaux et affectifs intervenant dans sa genèse reste encore peu étudié. Cela handicape sa prise en charge globale. Ce travail avait pour but d’étudier les aspects psychosociaux et affectifs intervenant dans la survenue de la malnutrition de l’enfant au Nord du Bénin. II s’agit d’une étude transversale et descriptive réalisée dans trois centres de récupération nutritionnelle. Elle a inclus tous les enfants malnutris aigus de moins de cinq ans admis dans ces centres durant la période de Février à Juillet 2009. A travers un entretien avec les mères et une observation à domicile portant sur le type de relations entre les enfants et leurs mères, les données ont été collectées. Un total de 130 cas d’enfants malnutris ont été enregistrés. Différents facteurs ont été répertoriés intervenant dans la genèse da la malnutrition. |
| 520 ## - SUMMARY, ETC. | |
| Summary, etc. | Malnutrition remains a major cause of mortality in developing countries. The role of psychosocial and emotional factors involved in its genesis remains poorly studied. This hampers its overall management. This work aimed to investigate the psychosocial and emotional aspects involved in the occurrence of child malnutrition in northern Benin. This is a descriptive cross-sectional study conducted in three nutritional recovery centers. It included all acute malnourished children under five years admitted to these centers during the period from February to July 2009. Through an interview with mothers and observation at home on the type of relationships between children and their mothers, the data were collected. A total of 130 cases of malnourished children were recorded. Various factors have been identified involved in the genesis of the malnutrition. |
| 690 ## - LOCAL SUBJECT ADDED ENTRY--TOPICAL TERM (OCLC, RLIN) | |
| Topical term or geographic name as entry element | aspects psychosociaux |
| 690 ## - LOCAL SUBJECT ADDED ENTRY--TOPICAL TERM (OCLC, RLIN) | |
| Topical term or geographic name as entry element | enfant |
| 690 ## - LOCAL SUBJECT ADDED ENTRY--TOPICAL TERM (OCLC, RLIN) | |
| Topical term or geographic name as entry element | malnutrition |
| 690 ## - LOCAL SUBJECT ADDED ENTRY--TOPICAL TERM (OCLC, RLIN) | |
| Topical term or geographic name as entry element | Nord-Bénin |
| 690 ## - LOCAL SUBJECT ADDED ENTRY--TOPICAL TERM (OCLC, RLIN) | |
| Topical term or geographic name as entry element | child |
| 690 ## - LOCAL SUBJECT ADDED ENTRY--TOPICAL TERM (OCLC, RLIN) | |
| Topical term or geographic name as entry element | malnutrition |
| 690 ## - LOCAL SUBJECT ADDED ENTRY--TOPICAL TERM (OCLC, RLIN) | |
| Topical term or geographic name as entry element | northern Benin |
| 690 ## - LOCAL SUBJECT ADDED ENTRY--TOPICAL TERM (OCLC, RLIN) | |
| Topical term or geographic name as entry element | psychosocial aspects |
| 700 10 - ADDED ENTRY--PERSONAL NAME | |
| Personal name | Adèdémy, Julien Didier |
| Relator term | author |
| 700 10 - ADDED ENTRY--PERSONAL NAME | |
| Personal name | Noudamadjo, Alphonse |
| Relator term | author |
| 700 10 - ADDED ENTRY--PERSONAL NAME | |
| Personal name | Tognon Tchegnonsi, Francis |
| Relator term | author |
| 700 10 - ADDED ENTRY--PERSONAL NAME | |
| Personal name | Djidonou, Anselme |
| Relator term | author |
| 700 10 - ADDED ENTRY--PERSONAL NAME | |
| Personal name | Alassane, Hayath Séidou |
| Relator term | author |
| 700 10 - ADDED ENTRY--PERSONAL NAME | |
| Personal name | Gandaho, Prosper |
| Relator term | author |
| 786 0# - DATA SOURCE ENTRY | |
| Note | Psy Cause | 62 | 1 | 2013-01-14 | p. 21-26 | 1245-2394 |
| 856 41 - ELECTRONIC LOCATION AND ACCESS | |
| Uniform Resource Identifier | <a href="https://shs.cairn.info/revue-psy-cause-2013-1-page-21?lang=fr&redirect-ssocas=7080">https://shs.cairn.info/revue-psy-cause-2013-1-page-21?lang=fr&redirect-ssocas=7080</a> |
Pas d'exemplaire disponible.




Réseaux sociaux